Szczegóły MARC21

Scenariusze lekcji biologii w gimnazjum. Cz. 1 /

003 -Nazwa inst., której nr kontr. jest w polu 001 [,]
    • @
    • Nazwa instytucji, której n kontrolny jest w polu 001
    • NUKAT
005 -DATA I CZAS OSTATNIEJ MODYFIKACJI [,]
    • @
    • pole kontrolne
    • 20260422094509.0
020 -Międzynarod. znormalizowany nr książki - ISBN [ , ]
    • a
    • Numer ISBN
    • 8372554072 Find
040 -Instytucja sporządzająca opis [ , ]
    • a
    • Instytucja, która sporządziła opis (NP)
    • WR U/ms
    • c
    • Instytucja, która sporządziła rekord (NP)
    • WR U/ms
    • d
    • Instytucja, która zmodyfikowała rekord (P)
    • WR U/dl
    • d
    • Instytucja, która zmodyfikowała rekord (P)
    • Ł U/JOs
    • d
    • Instytucja, która zmodyfikowała rekord (P)
    • WR U/DWs
942 -Rodzaj dokumentu [ , ]
    • c
    • Rodzaj dokumentu
    • Książka
100 -Hasło główne - nazwa osobowa [1, ]
    • a
    • Nazwa osobowa (NP)
    • Skirmuntt, Grażyna.
    • 9
    • KHW
    • 715116
245 -Strefa tytułu i oznaczenia odpowiedzialności [1,0]
    • a
    • Tytuł
    • Scenariusze lekcji biologii w gimnazjum. Find
    • n
    • Oznaczenie części (P)
    • Cz. 1 /
    • c
    • Pozostałe elementy strefy tytułu i oznaczenia odpowiedzialności (NP)
    • Grażyna Skirmuntt.
260 -Strefa adresu wydawniczego [ , ]
    • a
    • Miejsce wydania (P)
    • Warszawa :
    • b
    • Nazwa wydawcy (P)
    • Prószyński i S-ka,
    • c
    • Data wydania (P)
    • 2000.
300 -Strefa opisu fizycznego [ , ]
    • a
    • Określenie formy książki i/lub objętość (NP)
    • 171, [2] s. :
    • b
    • Oznaczenie ilustracji (NP)
    • il. ;
    • c
    • Format (NP)
    • 28 cm.
336 -Typ zawartości [ , ]
    • a
    • Termin opisujący typ zawartości
    • Tekst
    • b
    • Kod określający zawartość
    • txt
    • 2
    • Źródło (terminu i kodu)
    • rdacontent
337 -Typ mediów [ , ]
    • a
    • Tryb odtwarzania
    • Bez urządzenia pośredniczącego
    • b
    • Kod typu mediów
    • n
    • 2
    • Źródło (terminu i kodu)
    • rdamedia
338 -Typ/rodzaj nośnika [ , ]
    • a
    • Hasło opisujące typ nośnika
    • Wolumin
    • b
    • Kod typu nośnika
    • nc
    • 2
    • Źródło (terminu i kodu)
    • rdacarrier
380 -Deskryptor - Forma dzieła (P) [ , ]
    • a
    • forma dzieła (NP)
    • Książki
490 -Strefa serii i książki wielotomowej - forma nie do wyszukiwania [1, ]
    • a
    • Tytuł (P)
    • Edukacja Find
830 -Hasło dodatkowe serii i opisu książki wielotomowej - tytuł ujednolicony/tytuł [ ,0]
    • a
    • Tytuł ujednolicony/tytuł (NP)
    • Edukacja - Prószyński i S-ka
    • 9
    • KHW
    • 437247
080 -Uniwersalna Klasyfikacja Dziesiętna [ , ]
    • 2
    • Identyfikator wydania tablic
    • UDC-P058
    • a
    • Symbol klasyfikacji
    • 57
    • b
    • Dopowiedzenie
    • Nauki biologiczne.
    • x
    • Poddział wspólny
    • (072.3-021.64)
    • b
    • Dopowiedzenie
    • (Materiały do nauczania dla nauczycieli w gimnazjum).
080 -Uniwersalna Klasyfikacja Dziesiętna [ , ]
    • 2
    • Identyfikator wydania tablic
    • UDC-P058
    • a
    • Symbol klasyfikacji
    • 58
    • b
    • Dopowiedzenie
    • Botanika.
    • x
    • Poddział wspólny
    • (072.3-021.64)
    • b
    • Dopowiedzenie
    • (Materiały do nauczania dla nauczycieli w gimnazjum).
080 -Uniwersalna Klasyfikacja Dziesiętna [ , ]
    • 2
    • Identyfikator wydania tablic
    • UDC-P058
    • a
    • Symbol klasyfikacji
    • 59
    • b
    • Dopowiedzenie
    • Zoologia.
    • x
    • Poddział wspólny
    • (072.3-021.64)
    • b
    • Dopowiedzenie
    • (Materiały do nauczania dla nauczycieli w gimnazjum).
650 -Hasło przedmiotowe [ ,7]
    • a
    • Hasło przedmiotowe
    • Biologia (przedmiot szkolny)
    • 2
    • Źródło terminu
    • DBN
    • 9
    • KHW
    • 733386
650 -Hasło przedmiotowe [ ,7]
    • a
    • Hasło przedmiotowe
    • Gimnazja
    • 2
    • Źródło terminu
    • DBN
    • 9
    • KHW
    • 733753
650 -Hasło przedmiotowe [ ,7]
    • a
    • Hasło przedmiotowe
    • Nauczanie
    • 2
    • Źródło terminu
    • DBN
    • 9
    • KHW
    • 722711
650 -Hasło przedmiotowe [ ,7]
    • a
    • Hasło przedmiotowe
    • Biologia
    • x
    • Określnik rzeczowy
    • studia i nauczanie (gimnazjalne).
    • 2
    • Źródło terminu
    • kaba
    • 9
    • KHW
    • 715263
658 -Ujęcie treści [ , ]
    • a
    • dziedzina nauki i sztuki/ sfera aktywności życiowej
    • Biologia
658 -Ujęcie treści [ , ]
    • a
    • dziedzina nauki i sztuki/ sfera aktywności życiowej
    • Edukacja i pedagogika
980 -Symbol UKD [ , ]
    • a
    • UKD
    • 57/59(072.3-021.64)
710 -Hasło dodatkowe - nazwa ciała zbiorowego [2, ]
    • a
    • Nazwa ciała zbiorowego lub nazwa geograficzna jako pierwszy element (NP)
    • Prószyński i S-ka (1990-2008).
    • 4
    • Kod relacji
    • pbl
    • 9
    • KHW
    • 69189
920 -ISBN [ , ]
    • a
    • ISBN
    • 83-7255-407-2 Find
Numer inwentarzowy Status udost. Lokalizacja Data inwentaryzacji
Pd.188961BG2007-10-26